| 000 | 01188nab a22002537a 4500 | ||
|---|---|---|---|
| 999 |
_c5698 _d5698 |
||
| 003 | OSt | ||
| 005 | 20251229113755.0 | ||
| 008 | 190429b xxu||||| |||| 00| 0 spa d | ||
| 040 | _cPJ | ||
| 100 |
_96061 _aCuratolo, Sofía Andrea |
||
| 245 | 1 | 0 |
_aAnálisis del delito de abuso sexual simple a la luz de la teoría del delito a propósito del fallo "R., L. S. s/ abuso sexual" / _cSofía Andrea Curatolo. |
| 260 |
_cCiudad Autónoma de Buenos Aires : _aThomson Reuters La Ley, _b2025. |
||
| 300 | _ap. 117-123 | ||
| 500 | _aCita: TR LALEY AR/DOC/2202/2025. | ||
| 505 | _aSumario: I. Introducción.— II. Desarrollo.— III. Conclusiones. | ||
| 505 | _aFallo comentado: CNCrim. y Correc., sala V ~ 07/07/2025 ~ R., L. S. s/ abuso sexual. | ||
| 505 | _tSi te interesa el texto completo, solicitalo a koha@justierradelfuego.gov.ar | ||
| 650 | 0 |
_9343 _aDERECHO PENAL |
|
| 650 | 0 |
_92902 _aDELITOS CONTRA LA INTEGRIDAD SEXUAL |
|
| 650 | 0 |
_95731 _aACOSO SEXUAL |
|
| 650 | 0 |
_92182 _aTEORIA DEL DELITO |
|
| 773 | 0 |
_02658 _93164 _tRevista de derecho penal y criminología. Nº 8 - Octubre 2025 _dCiudad Autónoma de Buenos Aires : Thomson Reuters La Ley, 2017- _x00347914 |
|
| 942 |
_2udc _cANA |
||